Tous les pays ayant participé à l'Euro de Football - Statistiques

Statistiques générales
  • Ce quiz a été pris 139 fois
  • Le résultat moyen est 33 sur 36
Statistiques - réponses
Réponse Nombre d'éditions Victoires % Correct
Espagne 12 4
100%
France 11 2
100%
Portugal 9 1
99%
Russie 12 1
99%
Allemagne 14 3
98%
Belgique 7 0
98%
Suisse 6 0
98%
Danemark 10 1
97%
Grèce 4 1
97%
Italie 11 2
97%
Norvège 1 0
97%
Suède 7 0
97%
Ukraine 4 0
97%
Angleterre 11 0
96%
Finlande 1 0
96%
Pays-Bas 11 1
95%
Irlande 3 0
94%
Albanie 2 0
93%
Hongrie 5 0
93%
Slovaquie 3 0
93%
Croatie 7 0
92%
Pologne 5 0
92%
Roumanie 6 0
92%
Serbie 6 0
92%
Slovénie 2 0
92%
Autriche 4 0
91%
Islande 1 0
90%
République Tchèque 11 1
89%
Turquie 6 0
89%
Bulgarie 2 0
87%
Ecosse 4 0
85%
Macédoine du Nord 1 0
81%
Pays de Galles 2 0
80%
Lettonie 1 0
79%
Géorgie 1 0
74%
Irlande du Nord 1 0
71%
Aucun quiz correspondant
Distribution des résultats
% des personnes avec chaque résultat
Percentile par nombre de réponses
Votre historique - résultats
Vous n’avez pas pris ce quiz